banner-ar

كوميديا دانتى اليجييرى:النشيد الثالث:الفردوس / (Record no. 45789)

MARC details
000 -الفاتح
حقل البيانات ثابتة الطول 00574nam a2200193Ia 4500
008 - عناصر البيانات ثابتة الطول - معلومات عامة
حقل البيانات ثابتة الطول 140319s9999 xx 000 0 ara d
040 ## - مصدر الفهرسة
وكالة الفهرسة الأصلية GCL /
وكالة النسخ GCL
082 04 - رقم تصنيف ديوى العشرى
رقم التصنيف 871
رقم المادة ا ك
100 1# - المدخل الرئيسى - إسم شخصى
الإسم الشخصى حسن عثمان
245 10 - بيان العنوان
العنوان كوميديا دانتى اليجييرى:النشيد الثالث:الفردوس /
بيان المسئوليه,etc حسن عثمان
700 1# - المدخل الاضافى - اسم شخصى
الإسم الشخصى البجييرى, دانتى
300 ## - الوصف المادى
التعداد 698 ص
490 ## - بيان السلسلة
عنوان السلسلة
650 04 - المدخل الاضافى بالموضوع-مصطلح موضوعى
مصطلح موضوعي دانتى
650 04 - المدخل الاضافى بالموضوع-مصطلح موضوعى
مصطلح موضوعي الشعر الايطالى
650 04 - المدخل الاضافى بالموضوع-مصطلح موضوعى
مصطلح موضوعي الشعر الايطالى المترجم
942 ## - عناصر المدخل الإضافي( كوها)
مصدر التصنيف او مخطط الترفيف Dewey Decimal Classification
Koha [default] item type كتاب
Holdings
حالة التراجع حالة الفقد حالة تلف ليس للاعارة المكان المؤقت الموقع الحالى تاريخ الاكتساب اجمالي اﻻعارات رقم الطلب الباركود تاريخ اخر مشاهدة تاريخ تفعيل السعر نوع وعاء كوها
        مكتبة القاهرة الكبرى مكتبة القاهرة الكبرى 03/26/2014   871\ا ك 111621 03/26/2014 03/26/2014 كتاب

Powered By

EGPV